000 00309nam a22001457a 4500
008 221111b ||||| |||| 00| 0 eng d
020 _a9780738201696
041 _aeng
080 _a2
082 _a2 ROT
100 _a44.1
101 _aTEO
245 _aDOUBT AND CERTAINT
_cROTHMAN T
942 _2udc
_cBK
999 _c58865
_d58865